000
00326nam a2200145Ia 4500
100
_a
Booch/ Rumbaugh
942
_c
BK
654
_a
modeling language
245
_a
The unified modeling language user guide
260
_b
Pearson Education
_c
1997
082
_a
5.11
_b
BOO
300
_a
482
546
_a
ENGLISH
999
_c
26929
_d
26929